Statistics for "One" In Different Languages

Click here to take the quiz!

General Stats

  • This quiz has been taken 85 times
    (54 since last reset)
  • The average score is 8 of 15

Answer Stats

HintAnswer% Correct
OneEnglish
100%
UnoSpanish/Italian
98%
UnFrench
93%
EinsGerman
90%
YiChinese
71%
Ichi/HitotsuJapanese
71%
WahedArabic
48%
OdinRussian
38%
MộtVietnamese
38%
UmPortuguese
33%
H̄nụ̀ngThai
33%
EkHindi/Urdu
26%
ÉnasGreek
21%
EenAfrikaans
19%
SatuIndonesian
19%

Score Distribution

Percentile by Number Answered

Percent of People with Each Score

Your Score History

You have not taken this quiz since the last reset